LEADER 02782nam 22005772 450 001 9910984629803321 005 20230213210952.0 010 $a9789004474697 010 $a9004474692 024 7 $a10.1163/9789004474697 035 $a(CKB)5690000000030823 035 $a(MiAaPQ)EBC30158381 035 $a(Au-PeEL)EBL30158381 035 $z(OCoLC) 80443 035 $a(nllekb)BRILL9789004474697 035 $a(OCoLC)1346363978 035 $a(EXLCZ)995690000000030823 100 $a20220930d1968 uy 0 101 0 $aeng 135 $aurcnu|||||||| 181 $ctxt$2rdacontent 182 $cc$2rdamedia 183 $acr$2rdacarrier 200 10$aSociology of Japanese Religion /$fKiyomi Morioka, William H. Newell 205 $a1st ed. 210 1$aLeiden ;$aBoston :$cBrill,$d1968. 210 4$dİ1968 215 $a1 online resource (154 pages) 225 1 $aInternational Studies in Sociology and Social Anthropology ;$v6 225 1 $aInternational Studies in Sociology and Social Anthropology Online 311 08$a9789004528123 311 08$a9004528121 320 $aIncludes bibliographical references and index. 327 $tPreliminary Material /$rKiyomi Morioka -- Preface /$rWilliam H. Newell -- Development of Sociology of Religion in Japan /$rKiyomi Morioka -- The Major Features and Characteristics of Japanese Folk Beliefs /$rTokutaro? Sakurai -- Religious Behaviour and the Actor?s Position in his Household /$rKiyomi Morioka -- Catholicism in an Isolated Village /$rShin Anzai -- Impact, Congruence, and New Equilibrium: A Case Study of Annaka Church, Gumma Prefecture /$rMitsuru Shimpo -- Manshi Kiyozawa and the Otani Sect of Shinshu Buddhism: A Study of his Early Life /$rTsuneya Wakimoto -- Some Problems of Classification in Religious Sociology as Shown in the History of Tenri Kyokai /$rWilliam H. Newell -- Trend and Problems of New Religions: Religion in Urban Society /$rFujio Ikado -- An Integrated Bibliography /$rKiyomi Morioka -- The Contributors /$rKiyomi Morioka -- General Index /$rKiyomi Morioka -- Index of Proper Names /$rKiyomi Morioka. 410 0$aInternational Studies in Sociology and Social Anthropology ;$v6 410 0$aInternational Studies in Sociology and Social Anthropology Online. 606 $aReligion and sociology$xCase studies 606 $aReligion and sociology 606 $aSociology 615 0$aReligion and sociology$xCase studies. 615 0$aReligion and sociology. 615 0$aSociology. 676 $a301.5/8 700 $aMorioka$b Kiyomi$0655169 702 $aNewell$b William H. 801 0$bNL-LeKB 801 1$bNL-LeKB 906 $aBOOK 912 $a9910984629803321 996 $aSociology of Japanese Religion$94333478 997 $aUNINA